000 00486nam a2200169 i 4500
001 101621
003 ES-MaACL
005 20230906182939.0
007 t|
008 051021s1912 fr ||||1| fre d
100 1 _aMeirs, George.
_979853
245 1 2 _aL'enigme du Train 13
_b: romain /
_cpar George Meirs et J. M. Darros.
260 _aParis :
_b[s.n.],
_c1912 (
_eImp. Choisy-le-Roi)
300 _a234 p. ;
_c19 cm.
700 1 _aDarros, J. M.
_942755
852 _aES-MaACL
_jD-1405
999 _c101621
_d101621